00903cam a22002531a 4500001001300000003000400013005001700017008004100034010001700075035002000092040002200112042001200134050002400146100003900170245015100209260003900360300001900399500006800418500008000486650002500566630001200591740002700603752001900630he 68000215 DLC20260227111452.0850515m19011934pl 000 0 heb  ahe 68000215  a(OCoLC)19177088 aDLCcMHdTxUdDLC apremarc00aBM522.39b.R35 19011 aGraubart, Judah Loeb,d1862?-1937.10aSefer Ḥavalim ba-neʻimim :bdivre Yehudah, ʻal kelale shitot ha-Shas ve-ezeh sheʼelot ve-teshuvot ...c[me-et] Yehudah Leb, ho. p. k. Makavi. aPietrkov :bSh. Fainski,c1901-34. a4 v. ;c35 cm. aVol. 2 published in Warsaw; v. 3-4 have imprint: Lodz, Masorah. aVols. 2-4 have subtitle: Sheelot ve-teshuvot be-arbaah helke Shulhan arukh. 0aResponsay1800-1948.00aTalmud.0 aḤavalim ba-neʻimim. aPolanddWarsaw